Shuʻarāʼ Sūrīyah (Record no. 48549)

MARC details
000 -LEADER
fixed length control field 00632cam a22002291 4500
001 - CONTROL NUMBER
control field ne 65002493
003 - CONTROL NUMBER IDENTIFIER
control field DLC
005 - DATE AND TIME OF LATEST TRANSACTION
control field 20260227111819.0
008 - FIXED-LENGTH DATA ELEMENTS--GENERAL INFORMATION
fixed length control field 891219s1965 le 000 0 ara c
010 ## - LIBRARY OF CONGRESS CONTROL NUMBER
LC control number ne 65002493
035 ## - SYSTEM CONTROL NUMBER
System control number (OCoLC)20802460
040 ## - CATALOGING SOURCE
Original cataloging agency Princeton Univ. Libr.
Transcribing agency WaU
Modifying agency WaU
-- DLC
042 ## - AUTHENTICATION CODE
Authentication code premarc
043 ## - GEOGRAPHIC AREA CODE
Geographic area code a-sy---
050 00 - LIBRARY OF CONGRESS CALL NUMBER
Classification number PJ8100
Item number .J8
100 1# - MAIN ENTRY--PERSONAL NAME
Personal name Jundī, Aḥmad.
245 10 - TITLE STATEMENT
Title Shuʻarāʼ Sūrīyah
Statement of responsibility, etc. [taʼlīf] Aḥmad al-Jundī.
250 ## - EDITION STATEMENT
Edition statement [al-Ṭabʻah 1.]
260 ## - PUBLICATION, DISTRIBUTION, ETC.
Place of publication, distribution, etc. Bayrūt,
Name of publisher, distributor, etc. Dār al-Kitāb al-Jadīd
Date of publication, distribution, etc. [1965]
300 ## - PHYSICAL DESCRIPTION
Extent 159 p.
Dimensions 21 cm.
650 #0 - SUBJECT ADDED ENTRY--TOPICAL TERM
Topical term or geographic name entry element Arabic poetry
Geographic subdivision Syria.

No items available.

Powered by Koha